Guess the Sabrina Carpenter song #5 - Statistics

General Stats
  • This quiz has been taken 519 times
  • The average score is 87 of 170
Answer Stats
% Correct
I
96%
I,
96%
a
92%
you
90%
You
90%
you,
90%
the
80%
me
77%
and
75%
And
75%
do,
74%
no
71%
to
69%
when
69%
When
69%
it
68%
love
68%
he
67%
"He
67%
So
66%
Don't
64%
like
62%
what
61%
you're
61%
in
59%
then
59%
I'm
58%
that
57%
It's
54%
it's
54%
say
52%
can't
51%
for
49%
Please,
49%
were
49%
Were
49%
all
48%
if
48%
this
48%
At
47%
at
47%
could
46%
as
45%
but
45%
did
45%
now
45%
Now
45%
had
44%
see
44%
time
44%
I'll
43%
us
42%
look
40%
make
40%
one
40%
them
40%
think
40%
'Cause
39%
up
39%
their
38%
right
37%
get
36%
they're
36%
wish
36%
every
35%
wanna
35%
out
34%
times
34%
even
33%
lying
33%
October
33%
There's
33%
these,
33%
down?
32%
let
32%
machine
32%
night
32%
family?
31%
nice
31%
Read
31%
really
31%
guys
30%
sex
30%
trust
30%
asleep?
29%
blame
29%
find
29%
sorry
29%
disgust
28%
fast
28%
having
28%
someone
28%
thanks
28%
true
28%
calls
27%
looked
27%
mom
27%
such
27%
texts
27%
wife
27%
10:15,
26%
13th
26%
coming"
26%
lacking
26%
our
26%
discuss,
25%
fix
25%
fucking
25%
45,
24%
assume
24%
dipshit
24%
Scared
24%
cuss
23%
forgiveness
23%
God,
23%
selfish
23%
villainize
23%
fucks
22%
ugh,
22%
Why'd
22%
lives
21%
worst
20%
No matching quizzes found
Score Distribution
Percent of People with Each Score
Percentile by Number Answered
Your Score History
You have not taken this quiz